Biblioteca

En busca de una propuesta de salud integral (Registro nro. 69290)

Detalles MARC
000 -LÍDER
Campo fijo de descripción fija 01634nab a2200217 i 4500
001 - NÚMERO DE CONTROL
Campo de control 768714001
003 - IDENTIFICADOR DEL NÚMERO DE CONTROL
Campo de control CO-MdFUSB
005 - FECHA Y HORA DE LA ULTIMA TRANSACCIÓN
control field 20240423093627.0
008 - ELEMENTOS DE LONGITUD FIJA -- INFORMACIÓN GENERAL
Campo fijo de descripción fija -- Información general 240203t1998 ck |||| |||| 00| 0 spa d
022 ## - NÚMERO INTERNACIONAL NORMALIZADO PARA PUBLICACIONES SERIADAS
Número Internacional Normalizado para Publicaciones Seriadas 01222937
040 ## - FUENTE DE CATALOGACIÓN
Idioma de catalogación spa
Agencia Catalogadora CO-MdFUSB
Agencia que realiza la transcripción CO-MdFUSB
Agencia que realiza la modificación CO-MdFUSB
041 ## - CÓDIGO DE IDIOMA
Código de idioma para texto/pista de sonido o título separado spa
100 ## - ASIENTO PRINCIPAL--NOMBRE PERSONAL
Nombre personal Angulo, José Miguel de,
Término relacionador autor
245 ## - TÍTULO
Título En busca de una propuesta de salud integral
Mención de responsabilidad / José Miguel de Angulo , Luz Estella Losada
300 ## - DESCRIPCIÓN FÍSICA
Extensión Volumen 17, número 2 (abril - julio, 1998), páginas: 6-14
Dimensiones ; 27 cm
520 ## - NOTA DE RESUMEN, ETC.
Nota de sumario, etc. El mayor problema de la medicina occidental es crear un concepto de la enfermedad y de la salud que es dependiente de cuestiones biológicas y químicas, dejando por fuera innumerables factores humanos , sociales, políticos, económicos, espirituales y ecológicos.<br/>Se considera que salud es un derecho de toda la población y demanda la participación activa de toda la sociedad para la identificación y solución de sus problemas de salud.<br/>Tanto e medio ambiente (natural y modificado por el hombre) como los comportamientos individuales y colectivos son los mayores determinantes de las condiciones de salud de una comunidad.<br/>La relación entre justicia y Shalom (salud) es muy dinámica. La justicia y la paz han sido, son y serán interdependientes. No podemos lograr una de ella si ignoramos la otra o, peor aún, si la violentamos.
653 ## - TÉRMINO DE INDIZACIÓN - NO CONTROLADO
Término no controlado salud integral
700 ## - ENTR. SECUNDARIA - Nombre Personal (R)
Nombre de persona Losada, Luz Estella,
Término indicativo de función autor
773 0# - ASIENTO DE ITEM FUENTE
Biblionumber 49402
Itemnumber 59634
Lugar, editorial y fecha de publicación Buenos Aires
Otro identificador del ítem R584
Título Iglesia y Misión
Número de control del registro (CO-MdFUSB)19
Parte(s) relacionada(s) / Volumen., número. (mes año), páginas Volumen 17, número 2 (abril - julio, 1998), páginas: 6-14
Enumeración y primera página página: 6
942 ## - TIPO DE MATERIAL (KOHA)
Tipo de Item KOHA Artículos de Revista

No hay ítems disponibles.

Biblioteca FUSBC | Teléfono: (57+4) 349 88 10 Ext. 141| WhatsApp (+57) 3005338115 
E-mail: biblioteca@unisbc.edu.co | Calle 76 87-14 Robledo Palenque, Medellín, Colombia

Con tecnología Koha